A view of the tunnel under the Thames, as it will appear when completed (Record no. 114224)

MARC details
000 -LEADER
fixed length control field 01392cam a22001815a 4500
001 - CONTROL NUMBER
control field L156381
008 - FIXED-LENGTH DATA ELEMENTS--GENERAL INFORMATION
fixed length control field 120515s1828 xxk f 000 0 eng d
035 ## - SYSTEM CONTROL NUMBER
System control number (Sirsi) u156381
041 0# - LANGUAGE CODE
Language code of text/sound track or separate title eng
245 02 - TITLE STATEMENT
Title A view of the tunnel under the Thames, as it will appear when completed
Remainder of title the carriage ways will be circular : foot passengers will descent the shafts by stairs : dimensions of the tunnel, length from shaft to shaft where foot passengers descend, 1300 feet, height from carriageway to the roof, 15 feet 4 in., width of the arches, 16f. 3 in., depth of the shafts 50 feet, dimensions of the brickwork 37 ft. by 22 ft. : Engineer, Mr. Brunell.
260 ## - PUBLICATION, DISTRIBUTION, ETC.
Place of publication, distribution, etc. [London]
Name of publisher, distributor, etc. Pubd. ... by S. F. Gouyn
Date of publication, distribution, etc. 1828
300 ## - PHYSICAL DESCRIPTION
Extent [8] leaves of plates
Other physical details col. ill.
Dimensions 12 x 15 cm.
520 ## - SUMMARY, ETC.
Summary, etc. Telescopic peep show; view with people, vehicles, and forces from the Wapping entrance side. Cover title and imprint. Seven cut out panels and backdrop plate connected to front cover at top and bottom and to covers by bands of accordion-pleated paper; final plate mounted on back cover. Hand-colored engraved illustrations. Front cover has single oval peephole; two piece vignette mounted on top and bottom bands' first fold moves out of view when peep show is stretched open.
583 ## - ACTION NOTE
Action Condition reviewed
Time/date of action 20120620
Status condition level 4
651 #4 - SUBJECT ADDED ENTRY--GEOGRAPHIC NAME
Geographic name London
690 ## - LOCAL SUBJECT ADDED ENTRY--TOPICAL TERM (OCLC, RLIN)
Topical term or geographic name as entry element Infrastructure
9 (RLIN) 6246
942 ## - ADDED ENTRY ELEMENTS (KOHA)
Suppress in OPAC 0
Holdings
Withdrawn status Lost status Source of classification or shelving scheme Damaged status Not for loan Home library Current library Shelving location Date acquired Total Checkouts Full call number Barcode Date last seen Copy number Price effective from Koha item type
    Dewey Decimal Classification     Historic collection Historic collection Historic collection 15/05/2012   MAP 1828 VIEW 30077040 06/08/2019 1 06/08/2019 Book